<?xml version="1.0" encoding="UTF-8"?>
<record
    xmlns:xsi="http://www.w3.org/2001/XMLSchema-instance"
    xsi:schemaLocation="http://www.loc.gov/MARC21/slim http://www.loc.gov/standards/marcxml/schema/MARC21slim.xsd"
    xmlns="http://www.loc.gov/MARC21/slim">

  <leader>00901    a2200289   4500</leader>
  <controlfield tag="003">CBULib</controlfield>
  <controlfield tag="005">20250826134443.0</controlfield>
  <controlfield tag="008">250826b        |||||||| |||| 00| 0 eng d</controlfield>
  <datafield tag="040" ind1=" " ind2=" ">
    <subfield code="a">CBULib</subfield>
    <subfield code="b">English</subfield>
    <subfield code="c">CBULib</subfield>
    <subfield code="e">rda</subfield>
  </datafield>
  <datafield tag="050" ind1=" " ind2=" ">
    <subfield code="a">RA 545 Mul</subfield>
  </datafield>
  <datafield tag="100" ind1=" " ind2=" ">
    <subfield code="a">Mulenga, David</subfield>
  </datafield>
  <datafield tag="245" ind1=" " ind2=" ">
    <subfield code="a">Public health supplemental textbook : a low resource setting perspective </subfield>
    <subfield code="c">/ by David Mulenga</subfield>
  </datafield>
  <datafield tag="250" ind1=" " ind2=" ">
    <subfield code="a">1</subfield>
  </datafield>
  <datafield tag="260" ind1=" " ind2=" ">
    <subfield code="b">[48 Hour Books],</subfield>
    <subfield code="c">2024</subfield>
    <subfield code="a">[USA]</subfield>
  </datafield>
  <datafield tag="300" ind1=" " ind2=" ">
    <subfield code="a">xii, 380 pages : illustrations</subfield>
  </datafield>
  <datafield tag="336" ind1=" " ind2=" ">
    <subfield code="2">rdacontent</subfield>
    <subfield code="a">Text |</subfield>
    <subfield code="b">txt</subfield>
  </datafield>
  <datafield tag="337" ind1=" " ind2=" ">
    <subfield code="2">rdamedia</subfield>
    <subfield code="a">Unmediated |</subfield>
    <subfield code="b">n</subfield>
  </datafield>
  <datafield tag="338" ind1=" " ind2=" ">
    <subfield code="2">rdacarrier</subfield>
    <subfield code="a">Volume</subfield>
    <subfield code="b">nc</subfield>
  </datafield>
  <datafield tag="650" ind1=" " ind2="0">
    <subfield code="9">315</subfield>
    <subfield code="a">PUBLIC HEALTH</subfield>
  </datafield>
  <datafield tag="650" ind1=" " ind2="0">
    <subfield code="9">4803</subfield>
    <subfield code="a">HEALTH SYSTEMS</subfield>
  </datafield>
  <datafield tag="650" ind1=" " ind2="0">
    <subfield code="9">4801</subfield>
    <subfield code="a">ENVIRONMENTAL PUBLIC HEALTH</subfield>
  </datafield>
  <datafield tag="650" ind1=" " ind2="0">
    <subfield code="9">4802</subfield>
    <subfield code="a">PUBLIC HEALTH SURVEILLANCE</subfield>
  </datafield>
  <datafield tag="650" ind1=" " ind2="0">
    <subfield code="9">4804</subfield>
    <subfield code="a">MENTAL HEALTH</subfield>
  </datafield>
  <datafield tag="650" ind1=" " ind2="0">
    <subfield code="9">4805</subfield>
    <subfield code="a">TUBERCULOSIS</subfield>
  </datafield>
  <datafield tag="650" ind1=" " ind2="0">
    <subfield code="9">2345</subfield>
    <subfield code="a">SANITATION</subfield>
  </datafield>
  <datafield tag="942" ind1=" " ind2=" ">
    <subfield code="2">lcc</subfield>
    <subfield code="c">002</subfield>
  </datafield>
  <datafield tag="999" ind1=" " ind2=" ">
    <subfield code="c">86438</subfield>
    <subfield code="d">86438</subfield>
  </datafield>
  <datafield tag="952" ind1=" " ind2=" ">
    <subfield code="0">0</subfield>
    <subfield code="1">0</subfield>
    <subfield code="2">lcc</subfield>
    <subfield code="4">0</subfield>
    <subfield code="7">0</subfield>
    <subfield code="8">SC</subfield>
    <subfield code="a">001</subfield>
    <subfield code="b">001</subfield>
    <subfield code="c">SC</subfield>
    <subfield code="d">2025-08-21</subfield>
    <subfield code="e">DEP-MISC</subfield>
    <subfield code="g">30.00</subfield>
    <subfield code="i">753770</subfield>
    <subfield code="o">ZAM RA 545 Mul</subfield>
    <subfield code="p">753770</subfield>
    <subfield code="r">2025-08-26</subfield>
    <subfield code="t">1</subfield>
    <subfield code="w">2025-08-26</subfield>
    <subfield code="y">021</subfield>
  </datafield>
  <datafield tag="952" ind1=" " ind2=" ">
    <subfield code="0">0</subfield>
    <subfield code="1">0</subfield>
    <subfield code="2">lcc</subfield>
    <subfield code="4">0</subfield>
    <subfield code="7">0</subfield>
    <subfield code="8">SOM</subfield>
    <subfield code="a">001</subfield>
    <subfield code="b">001</subfield>
    <subfield code="c">GEN</subfield>
    <subfield code="d">2025-08-21</subfield>
    <subfield code="e">MISCELLENEOUS (INDIVIDUAL DONOR)</subfield>
    <subfield code="g">30.00</subfield>
    <subfield code="i">905712</subfield>
    <subfield code="l">0</subfield>
    <subfield code="o">RA 545 Mul</subfield>
    <subfield code="p">90512</subfield>
    <subfield code="r">2025-08-26</subfield>
    <subfield code="t">2</subfield>
    <subfield code="w">2025-08-26</subfield>
    <subfield code="y">002</subfield>
  </datafield>
  <datafield tag="952" ind1=" " ind2=" ">
    <subfield code="0">0</subfield>
    <subfield code="1">0</subfield>
    <subfield code="2">lcc</subfield>
    <subfield code="4">0</subfield>
    <subfield code="7">0</subfield>
    <subfield code="8">SOM</subfield>
    <subfield code="a">001</subfield>
    <subfield code="b">001</subfield>
    <subfield code="c">GEN</subfield>
    <subfield code="d">2025-08-21</subfield>
    <subfield code="e">MISCELLENEOUS (INDIVIDUAL DONOR)</subfield>
    <subfield code="g">30.00</subfield>
    <subfield code="i">905711</subfield>
    <subfield code="l">0</subfield>
    <subfield code="o">RA 545 Mul</subfield>
    <subfield code="p">90511</subfield>
    <subfield code="r">2025-08-26</subfield>
    <subfield code="t">3</subfield>
    <subfield code="w">2025-08-26</subfield>
    <subfield code="y">002</subfield>
  </datafield>
</record>
